Lincoln-Douglas debate sites - Statistics

General Stats
  • This quiz has been taken 14 times
  • The average score is 4 of 7
Answer Stats
Date Location % Correct
October 15 Alton
100%
October 7 Galesburg
75%
October 13 Quincy
75%
August 27 Freeport
50%
September 15 Jonesboro
50%
August 21 Ottawa
50%
September 18 Charleston
25%
No matching quizzes found
Score Distribution
Percent of People with Each Score
Percentile by Number Answered
Your Score History
You have not taken this quiz